000 00911cam a22002651a 4500
001 sa 65004391
003 DLC
005 20260227112130.0
008 810720s1965 ii acf 010 0 hino
010 _asa 65004391
035 _a(OCoLC)7598944
040 _aDLC
_cDLC
041 0 _ahin
_aeng
050 0 0 _aCT1508.R24
_bR35 1965
245 0 0 _aRaghuvīra-śraddhāñjali /
_csaṃpādaka-maṇḍala, Kākāsāheba Kālelakara ... [et al.].
260 _aNew Delhi :
_bInternational Academy of Indian Culture,
_c1965.
300 _a30, 478 p., [48] leaves of plates :
_bill., ports. ;
_c29 cm.
490 1 _aŚata-piṭaka series ;
_vv. 35 =
_aŚatapiṭakam
546 _aIn Hindi and English.
600 0 0 _aRaghu Vira.
700 0 _aRaghu Vira.
700 1 _aKalelkar, Dattatraya Balakrishna,
_d1885-
710 2 _aInternational Academy of Indian Culture.
830 0 _aŚata-piṭaka series ;
_vv. 35.
999 _c63724
_d63724